Between the Lines (Word Puzzle) - Statistics

General Stats
  • This quiz has been taken 137 times
  • The average score is 13 of 30
Answer Stats
Clue Answer % Correct
BE
81%
A father's female child is his... Daughter
81%
Alpha, ____, Gamma... Beta
79%
The place to make sand castles Beach
77%
Moderately fast gait of a horse Trot
76%
Fairy-tale story starter Once
71%
To think of again; to recall Remember
70%
One who is receiving medical care Patient
69%
Plural of datum Data
66%
The thing that causes illness Germ
57%
Next to / Other than Beside
55%
What a loser wants after a game Rematch
55%
A receptacle to help animals eat Trough
55%
What ghosts attempt to do Haunt
48%
Alone; solely; exclusively Only
45%
Old Faithful, for one Geyser
44%
ONE
38%
Joe of gum fame Bazooka
28%
DATE
27%
A clue to a detective's mystery Evidence
25%
BEST
23%
Pitifully inferior or inadequate Pathetic
20%
GET
17%
Retaining freshness year-round Evergreen
16%
Great destruction or devastation Havoc
13%
TROUBLE
9%
HAVE
8%
PATIENCE
7%
REMEDY
7%
EVERY
4%
No matching quizzes found
Score Distribution
Percent of People with Each Score
Percentile by Number Answered
Your Score History
You have not taken this quiz